Countries of the World with an Empty Map but 1 hour - Statistics

General Stats
  • This quiz has been taken 4,898 times
  • The average score is 134 of 196
Answers on the Map
Answers color-coded by a green-red scale on the quiz's map according to % correct below.
 
Answer Stats
Country % Correct
Canada
88%
United States
88%
Mexico
84%
Russia
83%
United Kingdom
82%
Argentina
80%
Brazil
80%
China
80%
France
79%
Germany
79%
India
79%
Australia
78%
Italy
77%
Mongolia
77%
Spain
77%
Afghanistan
76%
Algeria
76%
Austria
76%
Chile
76%
Denmark
76%
Egypt
76%
Finland
76%
Kazakhstan
76%
Poland
76%
Colombia
75%
Indonesia
75%
Iran
75%
Pakistan
75%
Panama
75%
Peru
75%
Portugal
75%
Sweden
75%
Turkey
75%
Ukraine
75%
Uruguay
75%
Bolivia
74%
Iraq
74%
Japan
74%
Norway
74%
South Africa
74%
Albania
73%
Belarus
73%
Dominican Republic
73%
Greece
73%
Ireland
73%
Nepal
73%
Niger
73%
Paraguay
73%
Saudi Arabia
73%
South Korea
73%
Switzerland
73%
Venezuela
73%
Cuba
72%
Czech Republic
72%
Dem. Rep. of the Congo
72%
Hungary
72%
Morocco
72%
Nigeria
72%
North Korea
72%
Romania
72%
Sudan
72%
Yemen
72%
Andorra
71%
Belgium
71%
Chad
71%
Costa Rica
71%
Haiti
71%
Honduras
71%
Jamaica
71%
Latvia
71%
Libya
71%
New Zealand
71%
Oman
71%
Slovakia
71%
Thailand
71%
Uzbekistan
71%
Angola
70%
Bhutan
70%
Bulgaria
70%
Croatia
70%
Ecuador
70%
Estonia
70%
Guatemala
70%
Israel
70%
South Sudan
70%
Turkmenistan
70%
Vatican City
70%
Armenia
69%
Bangladesh
69%
El Salvador
69%
Guyana
69%
Iceland
69%
Jordan
69%
Laos
69%
Lithuania
69%
Luxembourg
69%
Mali
69%
Republic of the Congo
69%
Slovenia
69%
Vietnam
69%
Zambia
69%
Zimbabwe
69%
Azerbaijan
68%
Bahamas
68%
Belize
68%
Dominica
68%
Ethiopia
68%
Kenya
68%
Kyrgyzstan
68%
Malaysia
68%
Myanmar
68%
Netherlands
68%
Nicaragua
68%
Serbia
68%
Somalia
68%
United Arab Emirates
68%
Bosnia and Herzegovina
67%
Cambodia
67%
Central African Republic
67%
Ghana
67%
Guinea
67%
Moldova
67%
North Macedonia
67%
Papua New Guinea
67%
Qatar
67%
Suriname
67%
Syria
67%
Tajikistan
67%
Botswana
66%
Georgia
66%
Kosovo
66%
Lesotho
66%
Sri Lanka
66%
Togo
66%
Cameroon
65%
Cyprus
65%
Fiji
65%
Liechtenstein
65%
Malta
65%
Namibia
65%
Uganda
65%
Bahrain
64%
Benin
64%
Madagascar
64%
Monaco
64%
Montenegro
64%
Rwanda
64%
Tanzania
64%
Tunisia
64%
Antigua and Barbuda
63%
Barbados
63%
Eritrea
63%
Eswatini
63%
Mauritania
63%
San Marino
63%
Senegal
63%
Singapore
63%
St. Lucia
63%
Taiwan
63%
Burkina Faso
62%
Gambia
62%
Ivory Coast
62%
Kuwait
62%
Lebanon
62%
Maldives
62%
Mozambique
62%
Trinidad and Tobago
62%
Liberia
61%
Philippines
61%
St. Kitts and Nevis
61%
Brunei
60%
Djibouti
60%
Equatorial Guinea
60%
Gabon
60%
Grenada
60%
Malawi
60%
Burundi
59%
Guinea Bissau
59%
St. Vincent and Grenadines
59%
Seychelles
58%
Sierra Leone
58%
Solomon Islands
58%
Tonga
58%
Cape Verde
57%
Comoros
57%
Fed. States of Micronesia
57%
Kiribati
57%
Marshall Islands
57%
Mauritius
57%
Palau
57%
Samoa
57%
Tuvalu
57%
Vanuatu
55%
East Timor
54%
Nauru
54%
São Tomé and Príncipe
53%
No matching quizzes found
Score Distribution
Percent of People with Each Score
Percentile by Number Answered
Your Score History
You have not taken this quiz